000 00348nam a2200145Ia 4500
008 230917s9999||||xx |||||||||||||| ||und||
040 _e170555
_aMAIN
041 _aEnglish
082 _a657.48 M896F
100 _aMukherjee, A
245 0 _aFinancial accounting
260 _aNew Delhi
_bTata McGraw-Hill
_c2010
300 _av p.
942 _cBK
999 _c153513
_d153513